Normal view
MARC view
- Feldman, anthony
Entry Personal Name
001 - CONTROL NUMBER
- control field: 6179
003 - CONTROL NUMBER IDENTIFIER
- control field: OSt
005 - DATE AND TIME OF LATEST TRANSACTION
- control field: 20240323112856.0
008 - FIXED-LENGTH DATA ELEMENTS
- fixed length control field: 240323|| aca||aabn | a|a d
040 ## - CATALOGING SOURCE
- Original cataloging agency: OSt
- Transcribing agency: OSt
100 ## - HEADING--PERSONAL NAME
- Personal name: Feldman, anthony
670 ## - SOURCE DATA FOUND
- Source citation: Work cat.: (OSt)3231: Feldman, anthony ., Scientists and inventors / , 1986.
